UM Logo

In their own voice: (Record no. 2456)

MARC details
000 -LEADER
fixed length control field 00711nam a22001817a 4500
008 - FIXED-LENGTH DATA ELEMENTS--GENERAL INFORMATION
fixed length control field 160513b xxu||||| |||| 00| 0 eng d
020 ## - INTERNATIONAL STANDARD BOOK NUMBER
International Standard Book Number 978-971-0426-10-2
082 ## - DEWEY DECIMAL CLASSIFICATION NUMBER
Edition number 2009
Classification number DFil 899.21040080921
Item number L76
100 ## - MAIN ENTRY--PERSONAL NAME
9 (RLIN) 8112
Personal name Liwag, Ma. Emma Concepcion D.
245 ## - TITLE STATEMENT
Title In their own voice:
Remainder of title the art of being and becoming/
Statement of responsibility, etc. Ma. Emma Concepcion D. Liwag and Rofel G. Brion, editors.
260 ## - PUBLICATION, DISTRIBUTION, ETC. (IMPRINT)
Place of publication, distribution, etc. Quezon City:
Name of publisher, distributor, etc. Ateneo de Manila University Loyola Schools,
Date of publication, distribution, etc. c2009.
300 ## - PHYSICAL DESCRIPTION
Extent viii, 117 pages;
Dimensions 23 cm.
500 ## - GENERAL NOTE
General note Includes bibliographical references.
650 #0 - SUBJECT ADDED ENTRY--TOPICAL TERM
9 (RLIN) 8114
Topical term or geographic name as entry element College student's writing, Philippines.
650 #0 - SUBJECT ADDED ENTRY--TOPICAL TERM
9 (RLIN) 8115
Topical term or geographic name as entry element Philippine essays.
700 ## - ADDED ENTRY--PERSONAL NAME
9 (RLIN) 8113
Personal name Brion, Rofel G.
942 ## - ADDED ENTRY ELEMENTS (KOHA)
Source of classification or shelving scheme Dewey Decimal Classification
Koha item type Filipiniana
Holdings
Withdrawn status Lost status Source of classification or shelving scheme Damaged status Not for loan Collection code Home library Current library Date acquired Total Checkouts Full call number Barcode Date last seen Date last checked out Price effective from Koha item type
    Dewey Decimal Classification     Filipiniana UM Digos College - LIC UM Digos College - LIC 09/24/2010 1 DFil 899.21040080921 L76 2009 21016 05/15/2025 11/22/2017 05/13/2016 Filipiniana